<?xml version="1.0" encoding="UTF-8"?>
<record
    xmlns:xsi="http://www.w3.org/2001/XMLSchema-instance"
    xsi:schemaLocation="http://www.loc.gov/MARC21/slim http://www.loc.gov/standards/marcxml/schema/MARC21slim.xsd"
    xmlns="http://www.loc.gov/MARC21/slim">

  <leader>01587nam a2200277 a 4500</leader>
  <controlfield tag="001">000044192</controlfield>
  <controlfield tag="003">OSt</controlfield>
  <controlfield tag="005">20220331103537.0</controlfield>
  <controlfield tag="007">ta</controlfield>
  <controlfield tag="008">140606s2004    dr      r     000 0 spa d</controlfield>
  <datafield tag="020" ind1=" " ind2=" ">
    <subfield code="a">9993430609</subfield>
  </datafield>
  <datafield tag="040" ind1=" " ind2=" ">
    <subfield code="a">DO-SdBNP</subfield>
    <subfield code="b">spa</subfield>
    <subfield code="c">BPMSU </subfield>
  </datafield>
  <datafield tag="082" ind1=" " ind2=" ">
    <subfield code="a">RD861.44 </subfield>
    <subfield code="b">G216p 2004</subfield>
    <subfield code="2">22</subfield>
  </datafield>
  <datafield tag="100" ind1="1" ind2=" ">
    <subfield code="a">Garc&#xED;a, Jos&#xE9; Enrique</subfield>
    <subfield code="d">1948-</subfield>
  </datafield>
  <datafield tag="245" ind1="1" ind2="3">
    <subfield code="a">La palabra en su asiento /</subfield>
    <subfield code="c">Jos&#xE9; Enrique Garc&#xED;a.</subfield>
  </datafield>
  <datafield tag="260" ind1=" " ind2=" ">
    <subfield code="a">Santo Domingo :</subfield>
    <subfield code="b">Banco Central de la Rep&#xFA;blica Dominicana,</subfield>
    <subfield code="c">2004.</subfield>
  </datafield>
  <datafield tag="300" ind1=" " ind2=" ">
    <subfield code="a">345 p. ;</subfield>
    <subfield code="c">24 cm.</subfield>
  </datafield>
  <datafield tag="490" ind1="0" ind2=" ">
    <subfield code="a">Banco Central de la Rep&#xFA;blica Dominicana ;</subfield>
    <subfield code="v">62 ,</subfield>
    <subfield code="a">Arte y literatura ;</subfield>
    <subfield code="v">23.</subfield>
  </datafield>
  <datafield tag="500" ind1=" " ind2=" ">
    <subfield code="a">Incluye datos biogr&#xE1;ficos del autor en la solapa de la cubierta</subfield>
  </datafield>
  <datafield tag="500" ind1=" " ind2=" ">
    <subfield code="a">Incluye referencias bibliogr&#xE1;ficas y notas al pie de las p&#xE1;ginas</subfield>
  </datafield>
  <datafield tag="505" ind1=" " ind2=" ">
    <subfield code="a">Introducci&#xF3;n 7 -- EL ACTO POETICO Y LA EXPRESIVIDAD 11 -- El car&#xE1;cter mim&#xE9;tico de la poes&#xED;a 13 -- Naturaleza de la poes&#xED;a 16 -- Poes&#xED;a y comunicaci&#xF3;n 23 -- Epoca literaria 27 -- Epoca y generaciones 32 -- Epoca simb&#xF3;lica 35 -- La poes&#xED;a y sus contextos 40 -- Lo ideol&#xF3;gico como contexto 48 -- La especificidad dominicana 57 -- EL VEDRINISMO - LOS CONTEXTOS -- Los contextos. En torno a la denominaci&#xF3;n 63 -- Representantes 65 -- Contexto sociales-econ&#xF3;mico 67 -- Contexto cultural 69 -- TIMPANO DE LA MONTA&#xD1;A - ANALISIS 89 -- EL POSTUMISMO - LOS CONTEXTOS 107 -- POEMA DE LA HIJA REINTEGRADA - ANALISIS 143 -- YELIDA - ANALISIS 217</subfield>
  </datafield>
  <datafield tag="590" ind1=" " ind2=" ">
    <subfield code="a">Inventariado,2022/VM</subfield>
  </datafield>
  <datafield tag="650" ind1=" " ind2="4">
    <subfield code="a">Poes&#xED;a dominicana</subfield>
    <subfield code="x">Historia y cr&#xED;tica</subfield>
  </datafield>
  <datafield tag="910" ind1=" " ind2=" ">
    <subfield code="a">VMateo V. </subfield>
  </datafield>
  <datafield tag="942" ind1=" " ind2=" ">
    <subfield code="2">ddc</subfield>
    <subfield code="c">BK</subfield>
  </datafield>
  <datafield tag="952" ind1=" " ind2=" ">
    <subfield code="0">0</subfield>
    <subfield code="1">0</subfield>
    <subfield code="2">ddc</subfield>
    <subfield code="4">0</subfield>
    <subfield code="7">0</subfield>
    <subfield code="8">CD</subfield>
    <subfield code="a">BPMET</subfield>
    <subfield code="b">BPMET</subfield>
    <subfield code="d">2022-03-31</subfield>
    <subfield code="e">Bacnco Central </subfield>
    <subfield code="l">0</subfield>
    <subfield code="o">BPMSU CD RD861.44  G216p 2004</subfield>
    <subfield code="p">BPMSU22030131</subfield>
    <subfield code="r">2022-03-31</subfield>
    <subfield code="w">2022-03-31</subfield>
    <subfield code="y">BK</subfield>
  </datafield>
  <datafield tag="952" ind1=" " ind2=" ">
    <subfield code="0">0</subfield>
    <subfield code="1">0</subfield>
    <subfield code="2">ddc</subfield>
    <subfield code="4">0</subfield>
    <subfield code="7">0</subfield>
    <subfield code="8">CD</subfield>
    <subfield code="a">BPMET</subfield>
    <subfield code="b">BPMET</subfield>
    <subfield code="d">2022-03-31</subfield>
    <subfield code="e">Bacnco Central </subfield>
    <subfield code="l">0</subfield>
    <subfield code="o">BPMSU CD RD861.44  G216p 2004</subfield>
    <subfield code="p">BPMSU25090014</subfield>
    <subfield code="r">2025-09-03</subfield>
    <subfield code="t">e.2</subfield>
    <subfield code="w">2022-03-31</subfield>
    <subfield code="y">BK</subfield>
  </datafield>
  <datafield tag="999" ind1=" " ind2=" ">
    <subfield code="c">14130</subfield>
    <subfield code="d">14130</subfield>
  </datafield>
</record>
